| 000 | 01426nam0a22002891 4500 | ||
|---|---|---|---|
| 001 | rc\3370144 | ||
| 005 | 20130115153220.1 | ||
| 035 | _a(NLR Aleph) 007446713 | ||
| 090 |
_a7172992 _c7172992 |
||
| 100 | _a20130115d1969 |||y0rusy50 ca | ||
| 101 | 0 | _arus | |
| 102 | _aRU | ||
| 105 | _aa z ||||| | ||
| 200 | 1 |
_aМоделирование близости земли в аэродинамической трубе с помощью подвижного экрана и результаты испытаний двух моделей со струйными закрылками _e[Turner T.R. A Moving-belt ground plane for wind-tunnel ground simulation and results for two jetflap configurations. "NASA TN", 1967. ND-4228] _fЦАГИ. БНТИ |
|
| 210 |
_a[Москва] _cИзд-во отд. ЦАГИ _d1969 |
||
| 215 |
_a27 с. _cил. _d29 |
||
| 225 | 1 |
_aОбзоры. Переводы. Рефераты _v№ 297 _i(Переводы) |
|
| 309 | _aОтпеч. множит. аппаратом | ||
| 320 | _aБиблиогр.: с. 27 | ||
| 333 | _aОгранич. пользования | ||
| 454 | 0 |
_12001#$aA Moving-belt ground plane for wind-tunnel ground simulation and results for two jetflap configurations$eNASA TN, ND-4228 _1210##$d1967 _1700#1$aTurner$bT.R. |
|
| 700 | 1 |
_aТернер _bТ. Р. |
|
| 801 | 0 |
_aRU _bNLR _gpsbo |
|
| 801 | 1 |
_aRU _bELAR _2rusmarc |
|
| 852 |
_aNLR _jП11/2256 |
||
| 942 | _cBOOK | ||
| 980 | _aNB | ||